<?xml version="1.0" encoding="UTF-8"?>
<record
    xmlns:xsi="http://www.w3.org/2001/XMLSchema-instance"
    xsi:schemaLocation="http://www.loc.gov/MARC21/slim http://www.loc.gov/standards/marcxml/schema/MARC21slim.xsd"
    xmlns="http://www.loc.gov/MARC21/slim">

  <leader>01462aab a2200205 i 4500</leader>
  <controlfield tag="001">768714001</controlfield>
  <controlfield tag="003">CO-MdFUSB</controlfield>
  <controlfield tag="005">20250306161313.0</controlfield>
  <controlfield tag="008">170825s1990    cr ||||| |||| 00| 0 spa d</controlfield>
  <datafield tag="040" ind1=" " ind2=" ">
    <subfield code="a">CO-MdFUSB</subfield>
    <subfield code="b">spa</subfield>
    <subfield code="c">CO-MdFUSB</subfield>
    <subfield code="d">CO-MdFUSB</subfield>
  </datafield>
  <datafield tag="041" ind1=" " ind2=" ">
    <subfield code="a">spa</subfield>
  </datafield>
  <datafield tag="100" ind1="1" ind2=" ">
    <subfield code="a">Simpson, Charles</subfield>
    <subfield code="e">autor</subfield>
  </datafield>
  <datafield tag="245" ind1="1" ind2="0">
    <subfield code="a">Poderosos en la guerra : </subfield>
    <subfield code="b">la fuerza de Dios viene en medio de la lucha</subfield>
    <subfield code="c">/ Charles Simpson</subfield>
  </datafield>
  <datafield tag="300" ind1=" " ind2=" ">
    <subfield code="a">Volumen 1. N&#xFA;mero 17 (1990), p&#xE1;ginas  294-296</subfield>
    <subfield code="c">: 28 cm.</subfield>
  </datafield>
  <datafield tag="520" ind1=" " ind2=" ">
    <subfield code="a">El texto reflexiona sobre la importancia de actuar con fe y poder, tomando como ejemplo a personajes b&#xED;blicos como Mois&#xE9;s, Abraham y David. El autor destaca que la fe no es solo conocer a Dios, sino tambi&#xE9;n actuar en su nombre, enfrentando desaf&#xED;os y luchando en la batalla espiritual. Al igual que estos h&#xE9;roes de la fe, se enfatiza que, en medio de las dificultades, es a trav&#xE9;s de la acci&#xF3;n y la resistencia donde Dios nos fortalece. El texto tambi&#xE9;n subraya que, en la actualidad, los cristianos deben continuar la misi&#xF3;n de expandir el reino de Dios, enfrentando los desaf&#xED;os del mundo con la confianza en el poder de Dios. La batalla contra el mal es real y requiere valent&#xED;a, y solo aquellos que se levantan y act&#xFA;an conocer&#xE1;n verdaderamente el poder de Dios.</subfield>
  </datafield>
  <datafield tag="650" ind1=" " ind2="0">
    <subfield code="a">Vida cristiana</subfield>
    <subfield code="9">19</subfield>
  </datafield>
  <datafield tag="773" ind1="0" ind2=" ">
    <subfield code="t">Conquista Cristiana</subfield>
    <subfield code="0">49446</subfield>
    <subfield code="9">60340</subfield>
    <subfield code="g">Volumen 1. N&#xFA;mero 17 (1990), p&#xE1;ginas  294-296</subfield>
    <subfield code="q">P&#xE1;gina 294</subfield>
  </datafield>
  <datafield tag="942" ind1=" " ind2=" ">
    <subfield code="c">ANA</subfield>
  </datafield>
  <datafield tag="945" ind1=" " ind2=" ">
    <subfield code="a">JTF-925</subfield>
  </datafield>
  <datafield tag="999" ind1=" " ind2=" ">
    <subfield code="c">50405</subfield>
    <subfield code="d">50405</subfield>
  </datafield>
</record>
